|
|
|
|
| LEADER |
00000nab a2200000 a 4500 |
| 001 |
vtls010356928 |
| 003 |
SK-MaSNL |
| 005 |
20260303093434.0 |
| 008 |
120515c201002 xo r p 000 00slo |
| 015 |
|
|
|a SNBRB2012/04SVKPO
|
| 038 |
|
|
|a SVKPOCL
|
| 040 |
|
|
|a SVKPOCL
|b slo
|c AACR2
|e AACR2
|
| 041 |
|
|
|a slo
|b eng
|b ger
|
| 044 |
|
|
|a xo
|c SK
|
| 100 |
1 |
|
|a Švorc, Peter,
|d 1957-
|4 aut
|9 104298
|
| 245 |
1 |
0 |
|a Slovo na úvod
|c Peter Švorc
|
| 773 |
0 |
|
|t Dejiny : internetový časopis Inštitútu histórie FF PU v Prešove
|g Roč. V, č. 2 (2010), s. [18]
|x 1337-0707
|
| 852 |
|
|
|a SVKPO
|b KIS3GCP
|
| 856 |
4 |
1 |
|a http://dejiny.unipo.sk/Dejiny_2_2010.pdf
|
| 958 |
|
|
|a SK
|
| 958 |
|
|
|a NB
|
| 999 |
|
|
|c 1815646
|d 1817576
|